Statistics for Premier League Winning A Players

Click here to take the quiz!

General Stats

  • This quiz has been taken 25 times
  • The average score is 4 of 7

Answer Stats

Answer% Correct
Sergio Aguero
95%
Marcos Alonso
71%
Tony Adams
52%
Marc Albrighton
52%
Cesar Azpilicueta
52%
Alex
43%
Daniel Amartey
33%

Score Distribution

Percentile by Number Answered

Percent of People with Each Score

Your Score History

You have not taken this quiz